000 00485nam a2200181 i 4500
001 42911
003 ES-MaACL
005 20240211063455.0
007 t|
008 030314s1911 po ||||1| por d
100 1 _aCastro, Eugenio de,
_d1869-1944
_936850
245 1 0 _aInterlunio... /
_cEugenio de Castro.
250 _a2ª ed.
260 _aCoimbra :
_bF. França Amado,
_c1911.
300 _a83 p. ;
_c17 cm.
852 _aES-MaACL
_j1627-F-4
999 _c42911
_d42911